000
00321nam a2200145Ia 4500
003
OSt
008
191201s2010 xx 000 0 und d
100
_a
BASU, C R
245
0
_a
Business Organisation and Management
250
_a
Rep
260
_a
N. delhi
_b
TMH
_c
2010
300
_a
490
650
_a
BBA
942
_2
ddc
_c
BK
999
_c
5962
_d
5962